000 00775nam a2200181Ia 4500
003 GCL
008 140319s9999 xx 000 0 ara d
040 _aGCL /
_cGCL
082 0 4 _aق
_b962.071
_bع ا
100 1 _aعبدالحميد بسيونى عبدالحميد
245 1 0 _aاحداث ليلة 5،6 اكتوبر 73 فى مصر وسوريا واسرائيل وامريكا حتى نشوب الحرب /
_cعبدالحميد بسيونى عبدالحميد
250 _aالاولى
260 _aالقاهرة :
_bدار النشر للجامعات المصرية ،
_c1994
300 _a112 ص ؛
_c16 سم
650 0 4 _aحرب اكتوبر 1973
650 0 4 _aمصر - تاريخ - العصر الحديث - انور السادات (1971 - 1981)
942 _2ddc
_cBK
999 _c5165
_d5165